2024 Summer Olympics Medal Table - Statistics

General Stats
  • This quiz has been taken 87 times
  • The average score is 16 of 20
Answer Stats
# Country 🥇 🥈 🥉 % Correct
2 China 40 27 24
99%
1 United States 40 44 42
99%
5 France 16 26 22
98%
3 Japan 20 12 13
98%
4 Australia 18 19 16
94%
7 United Kingdom 14 22 29
94%
10 Germany 12 13 8
91%
15 Spain 5 4 9
91%
12 Canada 9 7 11
90%
9 Italy 12 13 15
90%
8 South Korea 13 9 10
89%
6 Netherlands 15 7 12
84%
20 Brazil 3 7 10
81%
16 Sweden 4 4 3
81%
11 New Zealand 10 7 3
73%
18 Norway 4 1 3
73%
17 Kenya 4 2 5
58%
14 Hungary 6 7 6
57%
19 Ireland 4 0 3
56%
13 Uzbekistan 8 2 3
44%
No matching quizzes found
Score Distribution
Percent of People with Each Score
Percentile by Number Answered
Your Score History
You have not taken this quiz